[Event "10. Open Club Ajedrez Villaverde"]
[Site "Madrid ESP"]
[Date "2009.03.23"]
[Round "1.1"]
[White "Corral Aragon, Juan Maria"]
[Black "Martin Rodriguez, Emilio"]
[Result "0-1"]
[WhiteElo "1821"]
[BlackElo "2133"]
[PlyCount "66"]
[EventDate "2009.03.23"]
[EventType "swiss"]
[EventRounds "8"]
[EventCountry "ESP"]
[Source "lmi"]
[SourceDate "2009.03.23"]

1. e4 c6 2. Nf3 d5 3. exd5 cxd5 4. d4 Nc6 5. c4 Nf6 6. Nc3 g6 7. Bg5 Ne4 8.
Nxd5 Nxg5 9. Nxg5 e6 10. Nxf7 Kxf7 11. Qf3+ Kg7 12. Nc3 Nxd4 13. Qe4 Qf6 14.
O-O-O e5 15. f4 Nc6 16. g3 exf4 17. Nd5 Qf5 18. Qe1 Qe5 19. Qxe5+ Nxe5 20. Nc7
Rb8 21. gxf4 Nf7 22. Ne8+ Kh6 23. h4 Bg4 24. Nf6 Bxd1 25. Kxd1 Rd8+ 26. Kc2 Bd6
27. Bd3 Kg7 28. Nd5 Nh6 29. h5 Nf5 30. hxg6 hxg6 31. Rg1 Rh2+ 32. Kc3 Bc5 33.
Bxf5 Bxg1 0-1

[Event "10. Open Club Ajedrez Villaverde"]
[Site "Madrid ESP"]
[Date "2009.03.23"]
[Round "1.2"]
[White "Hinojar Diez, David"]
[Black "Alcala Cuesta, Miguel"]
[Result "1-0"]
[WhiteElo "2119"]
[BlackElo "1815"]
[PlyCount "59"]
[EventDate "2009.03.23"]
[EventType "swiss"]
[EventRounds "8"]
[EventCountry "ESP"]
[Source "lmi"]
[SourceDate "2009.03.23"]

1. e4 d5 2. exd5 Qxd5 3. d4 Nf6 4. Nc3 Qa5 5. Bd2 Qb6 6. Nf3 Bg4 7. Be2 c6 8.
Na4 Qc7 9. Ne5 Bxe2 10. Qxe2 e6 11. c4 Nbd7 12. Nxd7 Qxd7 13. Bc3 Be7 14. O-O
O-O 15. Rfe1 Rfe8 16. Nc5 Qc7 17. Nd3 b6 18. Qf3 b5 19. b3 bxc4 20. bxc4 Red8
21. Re2 Rab8 22. Ne5 Rbc8 23. Rb1 Bd6 24. Reb2 Rb8 25. Nxc6 Rxb2 26. Rxb2 Bxh2+
27. Kh1 Rc8 28. g3 h5 29. Ne5 Ng4 30. Rb7 1-0

[Event "10. Open Club Ajedrez Villaverde"]
[Site "Madrid ESP"]
[Date "2009.03.23"]
[Round "1.3"]
[White "Keller, August"]
[Black "Suarez Triguero, Jose Alfonso"]
[Result "1/2-1/2"]
[WhiteElo "1789"]
[BlackElo "2115"]
[PlyCount "58"]
[EventDate "2009.03.23"]
[EventType "swiss"]
[EventRounds "8"]
[EventCountry "ESP"]
[Source "lmi"]
[SourceDate "2009.03.23"]

1. e4 e6 2. d4 d5 3. Nc3 dxe4 4. Nxe4 Nd7 5. c3 Ngf6 6. Bd3 Nxe4 7. Bxe4 Nf6 8.
Bg5 h6 9. Bxf6 Qxf6 10. Qf3 Rb8 11. Qxf6 gxf6 12. f4 Bd6 13. Ne2 Bd7 14. g3 Bb5
15. Kd2 Ke7 16. Rae1 Rhd8 17. Kc2 f5 18. Bf3 Bxe2 19. Rxe2 c6 20. Rd1 Kf6 21.
Bh5 Rd7 22. b4 a5 23. a3 axb4 24. axb4 b6 25. Bf3 Rc7 26. Kd3 c5 27. b5 cxd4
28. cxd4 Rbc8 29. Bc6 Ra7 1/2-1/2

[Event "10. Open Club Ajedrez Villaverde"]
[Site "Madrid ESP"]
[Date "2009.03.23"]
[Round "1.4"]
[White "Alonso Aranzabal, Iñigo"]
[Black "Sierra Bermejo, Gregorio"]
[Result "1-0"]
[WhiteElo "2082"]
[BlackElo "1775"]
[PlyCount "71"]
[EventDate "2009.03.23"]
[EventType "swiss"]
[EventRounds "8"]
[EventCountry "ESP"]
[Source "lmi"]
[SourceDate "2009.03.23"]

1. e4 e5 2. Nf3 Nf6 3. Nxe5 d6 4. Nf3 Nxe4 5. Nc3 Nxc3 6. dxc3 Be7 7. Bf4 Nd7
8. Qd2 Nc5 9. O-O-O O-O 10. Ng5 Bd7 11. h4 Bc6 12. f3 h6 13. Kb1 hxg5 14. hxg5
Ne6 15. Bd3 g6 16. g4 Bxg5 17. Bxg5 Nxg5 18. Qh2 Qf6 19. f4 Bxh1 20. Rxh1 Qg7
21. fxg5 Rfe8 22. a3 Re5 23. Qf4 Rae8 24. Ka2 b5 25. Qf2 Rc5 26. Qf3 a5 27. Rh2
Qe5 28. Re2 Qd5+ 29. Qxd5 Rxd5 30. Rxe8+ Kg7 31. Re7 Rc5 32. b4 axb4 33. cxb4
Rxg5 34. Rxc7 Kf6 35. c4 Rxg4 36. cxb5 1-0

[Event "10. Open Club Ajedrez Villaverde"]
[Site "Madrid ESP"]
[Date "2009.03.23"]
[Round "1.5"]
[White "Sierra Soria, Maria"]
[Black "Vazquez Gonzalez, Jesus"]
[Result "0-1"]
[WhiteElo "1758"]
[BlackElo "2044"]
[PlyCount "59"]
[EventDate "2009.03.23"]
[EventType "swiss"]
[EventRounds "8"]
[EventCountry "ESP"]
[Source "lmi"]
[SourceDate "2009.03.23"]

1. c4 g6 2. Nf3 Bg7 3. g3 e5 4. Nc3 c5 5. Bg2 f5 6. d3 Ne7 7. e4 Nbc6 8. O-O
O-O 9. Be3 d6 10. Qc1 Nd4 11. Bxd4 cxd4 12. Nb5 a6 13. Na3 fxe4 14. dxe4 Bg4
15. Nd2 Bh6 16. f3 Be6 17. Qe1 Re8 18. b3 Nc6 19. Nc2 d3 20. Na3 Qa5 21. Nab1
Qc5+ 22. Kh1 Qd4 23. Na3 Qb2 24. Qc1 Qxd2 25. Qxd2 Bxd2 26. Rad1 Bb4 27. Nb1
Nd4 28. Rxd3 b5 29. cxb5 Nxb5 30. Rfd1 0-1

[Event "10. Open Club Ajedrez Villaverde"]
[Site "Madrid ESP"]
[Date "2009.03.23"]
[Round "1.6"]
[White "Fuentes Arjona, Antonio"]
[Black "Gutierrez Garcia, Alberto"]
[Result "1/2-1/2"]
[WhiteElo "2043"]
[BlackElo "1738"]
[PlyCount "118"]
[EventDate "2009.03.23"]
[EventType "swiss"]
[EventRounds "8"]
[EventCountry "ESP"]
[Source "lmi"]
[SourceDate "2009.03.23"]

1. e4 e5 2. d4 exd4 3. f4 Bb4+ 4. Bd2 Qe7 5. Bd3 Nf6 6. Nf3 Nc6 7. O-O O-O 8.
e5 Nd5 9. Bxh7+ Kh8 10. Bd3 Bxd2 11. Nfxd2 Qh4 12. Qf3 Ne3 13. g3 Qh3 14. Rf2
d5 15. Bf1 Qh6 16. Na3 Bg4 17. Qh1 Ne7 18. h3 Nxf1 19. Raxf1 Be6 20. g4 g6 21.
Nb3 Kg7 22. Nxd4 Bd7 23. f5 gxf5 24. gxf5 Kh8 25. Qh2 Rg8+ 26. Kh1 c5 27. e6
fxe6 28. fxe6 Be8 29. Qe5+ Kh7 30. Nf5 Nxf5 31. Rxf5 Qxh3+ 32. Qh2 Qxh2+ 33.
Kxh2 Rg6 34. Rf6 Rxf6 35. Rxf6 Kg7 36. Rf5 Bc6 37. c4 Kg6 38. Re5 Kf6 39. Rh5
d4 40. Rxc5 Kxe6 41. Nb5 Rh8+ 42. Kg3 a6 43. Nxd4+ Kd6 44. Rg5 Re8 45. Nxc6
bxc6 46. c5+ Kc7 47. Kf3 Re1 48. Rg4 Kb7 49. Rb4+ Kc7 50. b3 Ra1 51. Ra4 Rc1
52. Ra5 Kb7 53. Ke4 Rd1 54. Ra4 Rd5 55. Rc4 a5 56. b4 axb4 57. Rxb4+ Kc7 58.
Rc4 Kb7 59. Rc3 Ka6 1/2-1/2

[Event "10. Open Club Ajedrez Villaverde"]
[Site "Madrid ESP"]
[Date "2009.03.23"]
[Round "1.8"]
[White "Adedeji, Adekola"]
[Black "Martinez Miura, Enrique"]
[Result "1-0"]
[WhiteElo "2001"]
[BlackElo "1735"]
[PlyCount "61"]
[EventDate "2009.03.23"]
[EventType "swiss"]
[EventRounds "8"]
[EventCountry "ESP"]
[Source "lmi"]
[SourceDate "2009.03.23"]

1. e4 e6 2. d4 d5 3. Nd2 Nf6 4. Bd3 Be7 5. Ne2 O-O 6. O-O c5 7. c3 Nc6 8. e5
Nd7 9. Kh1 cxd4 10. cxd4 f5 11. f4 Qe8 12. Nf3 h6 13. Bd2 Nb6 14. Rc1 Bd7 15.
Rg1 Kh8 16. g4 g6 17. Qf1 Qf7 18. Qh3 Qh7 19. Nh4 Bxh4 20. Qxh4 Be8 21. Rg3 Nc8
22. b4 a6 23. a4 h5 24. gxf5 gxf5 25. Rcg1 Qe7 26. Rg5 Qh7 27. b5 axb5 28. axb5
N6e7 29. Bb4 Rg8 30. Rxg8+ Nxg8 31. Bf8 1-0

[Event "10. Open Club Ajedrez Villaverde"]
[Site "Madrid ESP"]
[Date "2009.03.23"]
[Round "1.9"]
[White "Chincoa Morilla, Pedro"]
[Black "Vukotic Jovsic, Dragan"]
[Result "0-1"]
[WhiteElo "1724"]
[BlackElo "1995"]
[PlyCount "32"]
[EventDate "2009.03.23"]
[EventType "swiss"]
[EventRounds "8"]
[EventCountry "ESP"]
[Source "lmi"]
[SourceDate "2009.03.23"]

1. e4 e6 2. d4 d5 3. Nc3 Bb4 4. e5 c5 5. a3 Bxc3+ 6. bxc3 Qc7 7. a4 cxd4 8.
Qxd4 Nc6 9. Bb5 Nge7 10. f4 O-O 11. Qd2 f6 12. Bxc6 bxc6 13. Ba3 fxe5 14. Bxe7
Qxe7 15. fxe5 Qh4+ 16. g3 Qe4+ 0-1

[Event "10. Open Club Ajedrez Villaverde"]
[Site "Madrid ESP"]
[Date "2009.03.23"]
[Round "1.10"]
[White "Castano Vanegas, Henry Augusto"]
[Black "Vazquez Moreno, Luis"]
[Result "1-0"]
[WhiteElo "1974"]
[BlackElo "1707"]
[PlyCount "55"]
[EventDate "2009.03.23"]
[EventType "swiss"]
[EventRounds "8"]
[EventCountry "ESP"]
[Source "lmi"]
[SourceDate "2009.03.23"]

1. e4 c5 2. Nf3 Nc6 3. Bb5 g6 4. Bxc6 dxc6 5. h3 Bg7 6. O-O Nf6 7. d3 Qc7 8.
Nc3 O-O 9. Be3 b6 10. Nh2 Rd8 11. Qe2 Nd7 12. f4 Bd4 13. Kh1 e5 14. f5 Bxe3 15.
Qxe3 Qd6 16. Ng4 Nf6 17. Nh6+ Kg7 18. Rf3 Rf8 19. Raf1 Rb8 20. Ne2 c4 21. Ng3
cxd3 22. cxd3 c5 23. Qg5 Qd8 24. fxg6 fxg6 25. Rxf6 Rxf6 26. Rxf6 Be6 27. Nh5+
Kh8 28. Rf8+ 1-0

[Event "10. Open Club Ajedrez Villaverde"]
[Site "Madrid ESP"]
[Date "2009.03.23"]
[Round "1.11"]
[White "Ananian, Arman"]
[Black "Lozano Sanchez, Jose Antonio"]
[Result "0-1"]
[WhiteElo "1702"]
[BlackElo "1958"]
[PlyCount "76"]
[EventDate "2009.03.23"]
[EventType "swiss"]
[EventRounds "8"]
[EventCountry "ESP"]
[Source "lmi"]
[SourceDate "2009.03.23"]

1. e4 e5 2. Nf3 Nc6 3. Bb5 Bc5 4. c3 Nf6 5. O-O O-O 6. Re1 d6 7. h3 a6 8. Ba4
b5 9. Bc2 h6 10. d4 exd4 11. cxd4 Bb6 12. Nc3 Re8 13. d5 Ne7 14. Bf4 Ng6 15.
Bg3 Nh5 16. Bh2 Nhf4 17. Qd2 Qf6 18. Rab1 Nxh3+ 19. gxh3 Qxf3 20. Bd1 Qf6 21.
Bg3 Bxh3 22. Kh2 Bd7 23. b4 Ne5 24. f4 Nc4 25. Qd3 Qd4 26. Qxd4 Bxd4 27. Rc1
Bb6 28. Bc2 Bg4 29. Bb3 Nd2 30. Bd1 Bxd1 31. Rexd1 Nxe4 32. Nxe4 Rxe4 33. Rb1
Re2+ 34. Kh3 Rxa2 35. f5 Re8 36. f6 g5 37. Kg4 Ra3 38. Be1 Re4+ 0-1

[Event "10. Open Club Ajedrez Villaverde"]
[Site "Madrid ESP"]
[Date "2009.03.23"]
[Round "1.12"]
[White "Lopez Heras, Arturo"]
[Black "Cortijo Manso, Luis"]
[Result "1-0"]
[WhiteElo "1943"]
[BlackElo "1696"]
[PlyCount "83"]
[EventDate "2009.03.23"]
[EventType "swiss"]
[EventRounds "8"]
[EventCountry "ESP"]
[Source "lmi"]
[SourceDate "2009.03.23"]

1. e4 c6 2. d4 d5 3. e5 Bf5 4. Nd2 Nd7 5. Nb3 e6 6. Nf3 c5 7. dxc5 Nxc5 8. Nxc5
Bxc5 9. Bb5+ Kf8 10. O-O Ne7 11. c3 a6 12. Bd3 Bxd3 13. Qxd3 Qc7 14. b4 Ba7 15.
Bf4 Qc4 16. Qxc4 dxc4 17. Rfd1 Nd5 18. Bd2 h6 19. Be1 Ke7 20. a4 Rhd8 21. Rab1
b5 22. axb5 axb5 23. Ra1 Bb6 24. Kf1 Rxa1 25. Rxa1 Rd7 26. Ra8 Ra7 27. Rb8 f5
28. exf6+ Kxf6 29. Nd2 Kf5 30. f3 Ne3+ 31. Ke2 Nd5 32. Ne4 Ra2+ 33. Bd2 Nf4+
34. Kd1 Ra1+ 35. Kc2 Nd5 36. Nd6+ Kg6 37. Nxb5 Ne3+ 38. Kb2 Ra6 39. Bxe3 Bxe3
40. Rc8 Rb6 41. Na3 Rd6 42. Nxc4 1-0

[Event "10. Open Club Ajedrez Villaverde"]
[Site "Madrid ESP"]
[Date "2009.03.23"]
[Round "1.13"]
[White "Garcia Lopez, Fernando"]
[Black "Adeyemi, Adedeji"]
[Result "0-1"]
[WhiteElo "1695"]
[BlackElo "1909"]
[PlyCount "96"]
[EventDate "2009.03.23"]
[EventType "swiss"]
[EventRounds "8"]
[EventCountry "ESP"]
[Source "lmi"]
[SourceDate "2009.03.23"]

1. e4 Nf6 2. e5 Nd5 3. c4 Nb6 4. Nc3 d6 5. d4 dxe5 6. dxe5 Qxd1+ 7. Kxd1 Bf5 8.
c5 N6d7 9. Nd5 Kd8 10. Nf3 Nxc5 11. Ng5 Bg6 12. b4 Ne4 13. Be3 e6 14. Nxe4 exd5
15. Nc5 b6 16. Nd3 Bxd3 17. Bxd3 Bxb4 18. a3 Bc3 19. Rc1 Bxe5 20. a4 c5 21. f4
Bf6 22. Kd2 Nc6 23. Rhd1 Na5 24. Rb1 Re8 25. Bxc5 bxc5 26. Rb5 Nc4+ 27. Bxc4
dxc4 28. Kc2+ Ke7 29. Rb7+ Kf8 30. Rdd7 Re2+ 31. Rd2 Rxd2+ 32. Kxd2 c3+ 33. Kc2
a5 34. Rb5 Bd4 35. g4 Ke7 36. Rb7+ Kd6 37. Rxf7 Rb8 38. Kc1 Rb4 39. Rf8 Rxa4
40. Rd8+ Kc6 41. Rc8+ Kd5 42. Re8 Kc4 43. Kc2 Ra2+ 44. Kc1 Kd3 45. Kb1 Ra1+ 46.
Kxa1 c2+ 47. Ka2 c1=Q 48. Kb3 Qb2+ 0-1

[Event "10. Open Club Ajedrez Villaverde"]
[Site "Madrid ESP"]
[Date "2009.03.23"]
[Round "1.14"]
[White "Camarero Izquierdo, Juan Carlos"]
[Black "Zuazua Conde, Ivan Javier"]
[Result "1-0"]
[WhiteElo "1906"]
[BlackElo "1421"]
[PlyCount "59"]
[EventDate "2009.03.23"]
[EventType "swiss"]
[EventRounds "8"]
[EventCountry "ESP"]
[Source "lmi"]
[SourceDate "2009.03.23"]

1. e4 e5 2. Nf3 Nc6 3. Bb5 a6 4. Ba4 Nf6 5. d3 b5 6. Bb3 d6 7. Ng5 d5 8. exd5
Nxd5 9. Nc3 Bb4 10. O-O Bxc3 11. Qf3 Be6 12. Nxe6 fxe6 13. bxc3 Qd7 14. c4 Rf8
15. Qh5+ g6 16. Qh3 bxc4 17. Bxc4 Na5 18. Re1 Nxc4 19. dxc4 Nb6 20. Ba3 Rf5 21.
Rad1 Qf7 22. Qh4 Rf4 23. Qg3 Nxc4 24. Bc1 Rf5 25. Rd3 Rd8 26. Rxd8+ Kxd8 27.
Qh4+ Ke8 28. Qxc4 Rxf2 29. Qc6+ Kf8 30. Qc5+ 1-0

[Event "10. Open Club Ajedrez Villaverde"]
[Site "Madrid ESP"]
[Date "2009.03.24"]
[Round "2.1"]
[White "Martin Rodriguez, Emilio"]
[Black "Lopez Heras, Arturo"]
[Result "1-0"]
[WhiteElo "2133"]
[BlackElo "1943"]
[PlyCount "87"]
[EventDate "2009.03.23"]
[EventType "swiss"]
[EventRounds "8"]
[EventCountry "ESP"]
[Source "lmi"]
[SourceDate "2009.03.23"]

1. d4 Nf6 2. c4 c5 3. e3 g6 4. Nc3 Bg7 5. Nf3 O-O 6. d5 d6 7. Be2 Nbd7 8. h3 a6
9. a4 b6 10. e4 Qc7 11. Bg5 h6 12. Be3 Bb7 13. Qd2 Kh7 14. O-O Rfe8 15. g4 Ng8
16. h4 e6 17. h5 exd5 18. hxg6+ fxg6 19. exd5 Ndf6 20. Qc2 Qd7 21. Nh4 Ne7 22.
f3 Kg8 23. Bf2 g5 24. Ng6 Nxg6 25. Qxg6 Qf7 26. Bd3 Re7 27. Bg3 Rd8 28. Rae1
Rxe1 29. Rxe1 Bc8 30. Kg2 Kf8 31. Re2 Qc7 32. Bf5 Bxf5 33. Qxf5 Kg8 34. Re6 Ne8
35. Ne4 Qf7 36. Nxd6 Nxd6 37. Bxd6 Re8 38. Qxf7+ Kxf7 39. Rxe8 Kxe8 40. b3 Kd7
41. Bg3 Bd4 42. Kf1 Bf6 43. Ke2 Be7 44. Kd3 1-0

[Event "10. Open Club Ajedrez Villaverde"]
[Site "Madrid ESP"]
[Date "2009.03.24"]
[Round "2.2"]
[White "Lozano Sanchez, Jose Antonio"]
[Black "Hinojar Diez, David"]
[Result "0-1"]
[WhiteElo "1958"]
[BlackElo "2119"]
[PlyCount "120"]
[EventDate "2009.03.23"]
[EventType "swiss"]
[EventRounds "8"]
[EventCountry "ESP"]
[Source "lmi"]
[SourceDate "2009.03.23"]

1. e4 c5 2. Nf3 d6 3. Bc4 Nf6 4. Nc3 e6 5. d3 Be7 6. O-O O-O 7. h3 Nc6 8. Bf4
a6 9. a4 d5 10. exd5 Nxd5 11. Nxd5 exd5 12. Bb3 Bf6 13. c3 d4 14. Qd2 Bf5 15.
Rad1 Qb6 16. Bd5 Rad8 17. c4 Nb4 18. Be4 Bxe4 19. dxe4 g6 20. Rfe1 Rfe8 21. e5
Bg7 22. Re2 Nc6 23. Qd3 Rd7 24. Rde1 Rde7 25. Kf1 Nb4 26. Qd2 Qe6 27. b3 Qf5
28. Re4 Nc6 29. g4 Qd7 30. Qd3 h5 31. Bg3 Bh6 32. Kg2 Nb4 33. Qd1 hxg4 34. hxg4
Qc6 35. g5 Bg7 36. Kf1 d3 37. Kg1 Nc2 38. Qxd3 Nxe1 39. Rxe1 Rd7 40. Qe4 Qxe4
41. Rxe4 Rd3 42. Re3 Rxe3 43. fxe3 Rd8 44. Ne1 Rd2 45. Bf4 Kf8 46. Kf1 Ke7 47.
Bg3 Ke6 48. Bf4 b6 49. e4 Rb2 50. Nd3 Rxb3 51. Ke2 Ra3 52. Bg3 Rxa4 53. Nf4+
Kd7 54. Nd5 Kc6 55. Kd3 b5 56. cxb5+ axb5 57. Nc3 Ra3 58. Kc2 b4 59. Ne2 c4 60.
Kb2 Rxg3 0-1

[Event "10. Open Club Ajedrez Villaverde"]
[Site "Madrid ESP"]
[Date "2009.03.24"]
[Round "2.3"]
[White "Adeyemi, Adedeji"]
[Black "Alonso Aranzabal, Iñigo"]
[Result "1-0"]
[WhiteElo "1909"]
[BlackElo "2082"]
[PlyCount "83"]
[EventDate "2009.03.23"]
[EventType "swiss"]
[EventRounds "8"]
[EventCountry "ESP"]
[Source "lmi"]
[SourceDate "2009.03.23"]

1. e4 e5 2. Nf3 Nc6 3. Bc4 Nf6 4. Nc3 Nxe4 5. Bxf7+ Kxf7 6. Nxe4 Be7 7. d4 exd4
8. Nxd4 Nxd4 9. Qxd4 d5 10. Nc3 Re8 11. O-O c6 12. Bf4 Bf6 13. Qd2 Bf5 14. Bg3
Qd7 15. Rae1 b6 16. Nd1 Rad8 17. c3 c5 18. Rxe8 Rxe8 19. Ne3 Be6 20. b3 Rd8 21.
Qc2 g6 22. Rd1 Qc8 23. h3 h5 24. Qe2 Kg7 25. Qf3 Qd7 26. Nc4 Bf5 27. Nd6 Qe6
28. Rxd5 Be4 29. Nxe4 Rxd5 30. Nxf6 Rf5 31. Qb7+ Kxf6 32. Qh7 Rd5 33. Qh8+ Kf5
34. Qf8+ Qf6 35. Qc8+ Ke4 36. Qb7 Qxc3 37. f3+ Ke3 38. Qxd5 Qa1+ 39. Kh2 Qxa2
40. Qe4+ Kd2 41. Bf4+ Kc3 42. Qc4+ 1-0

[Event "10. Open Club Ajedrez Villaverde"]
[Site "Madrid ESP"]
[Date "2009.03.24"]
[Round "2.4"]
[White "Vazquez Gonzalez, Jesus"]
[Black "Camarero Izquierdo, Juan Carlos"]
[Result "0-1"]
[WhiteElo "2044"]
[BlackElo "1906"]
[PlyCount "58"]
[EventDate "2009.03.23"]
[EventType "swiss"]
[EventRounds "8"]
[EventCountry "ESP"]
[Source "lmi"]
[SourceDate "2009.03.23"]

1. e4 c5 2. Nf3 d6 3. d4 cxd4 4. Nxd4 Nf6 5. Nc3 a6 6. Be2 e6 7. O-O Be7 8. Kh1
Qc7 9. f4 b5 10. a3 Bb7 11. Bd3 Nbd7 12. Nb3 O-O 13. Qe1 Nc5 14. Nxc5 dxc5 15.
e5 Ng4 16. Qg3 c4 17. Bxh7+ Kxh7 18. Qxg4 Rh8 19. Be3 Kg8 20. Rae1 Rh6 21. f5
Rh4 22. Qg3 exf5 23. Rxf5 Rh7 24. Ref1 Bh4 25. Qf4 Rf8 26. e6 Bg3 27. Nd5 Bxd5
28. Rxd5 Bxf4 29. Bxf4 Qc6 0-1

[Event "10. Open Club Ajedrez Villaverde"]
[Site "Madrid ESP"]
[Date "2009.03.24"]
[Round "2.5"]
[White "Martin-Consuegra Barrilero, Francisco Javier"]
[Black "Adedeji, Adekola"]
[Result "1/2-1/2"]
[WhiteElo "1894"]
[BlackElo "2001"]
[PlyCount "61"]
[EventDate "2009.03.23"]
[EventType "swiss"]
[EventRounds "8"]
[EventCountry "ESP"]
[Source "lmi"]
[SourceDate "2009.03.23"]

1. d4 Nf6 2. Nf3 d5 3. Bf4 c5 4. c3 Qb6 5. Qb3 Qxb3 6. axb3 e6 7. e3 Nc6 8.
dxc5 Bxc5 9. b4 Bb6 10. Nbd2 O-O 11. h3 Re8 12. b5 Ne7 13. Ne5 Nd7 14. Nb3 f6
15. Nxd7 Bxd7 16. Bd6 Rac8 17. Na5 Nf5 18. Nxb7 e5 19. Bb4 Rc7 20. Nd6 Nxd6 21.
Bxd6 Rcc8 22. Kd2 d4 23. exd4 exd4 24. Bg3 dxc3+ 25. bxc3 Red8 26. Kc2 Bf5+ 27.
Kb3 Be6+ 28. Kc2 Rxc3+ 29. Kxc3 Bd4+ 30. Kb4 Bxa1 31. Bc4 1/2-1/2

[Event "10. Open Club Ajedrez Villaverde"]
[Site "Madrid ESP"]
[Date "2009.03.24"]
[Round "2.7"]
[White "Garcia-Ruiz Fuentes, Marcos"]
[Black "Castano Vanegas, Henry Augusto"]
[Result "0-1"]
[WhiteElo "1738"]
[BlackElo "1974"]
[PlyCount "68"]
[EventDate "2009.03.23"]
[EventType "swiss"]
[EventRounds "8"]
[EventCountry "ESP"]
[Source "lmi"]
[SourceDate "2009.03.23"]

1. e4 e5 2. Nf3 Nc6 3. Bb5 a6 4. Ba4 Nf6 5. O-O Be7 6. Re1 b5 7. Bb3 d6 8. c3
O-O 9. d4 Bg4 10. d5 Na5 11. h3 Nxb3 12. axb3 Bd7 13. b4 c6 14. Bg5 cxd5 15.
Bxf6 gxf6 16. Qxd5 f5 17. Rd1 Qe8 18. Nbd2 Bc6 19. Qd3 fxe4 20. Nxe4 d5 21.
Nfg5 dxe4 22. Qg3 Kh8 23. Qh4 Bxg5 24. Qxg5 f6 25. Qh4 Qe7 26. Rd2 Rg8 27. Rad1
Qg7 28. g3 e3 29. Rd6 e2 30. Re1 Rad8 31. Rxd8 Rxd8 32. Qh5 Rd2 33. Kh2 Qg6 34.
Qh4 Rd1 0-1

[Event "10. Open Club Ajedrez Villaverde"]
[Site "Madrid ESP"]
[Date "2009.03.24"]
[Round "2.8"]
[White "Vega Gomez, Francisco Borja"]
[Black "Madurga Lopez, Ignacio"]
[Result "1-0"]
[WhiteElo "2231"]
[BlackElo "1875"]
[PlyCount "93"]
[EventDate "2009.03.23"]
[EventType "swiss"]
[EventRounds "8"]
[EventCountry "ESP"]
[Source "lmi"]
[SourceDate "2009.03.23"]

1. Nf3 c5 2. g3 Nc6 3. Bg2 e5 4. O-O g6 5. c4 Bg7 6. Nc3 Nge7 7. Rb1 O-O 8. a3
d6 9. b4 Rb8 10. Ne1 b6 11. Nc2 Bb7 12. Ne3 Nd4 13. Ned5 Nxd5 14. Nxd5 Ne6 15.
Qa4 a6 16. bxc5 Nxc5 17. Qb4 Bxd5 18. Bxd5 b5 19. d3 bxc4 20. Qxb8 Qxb8 21.
Rxb8 Rxb8 22. Bxc4 Rd8 23. e4 Ra8 24. Be3 a5 25. Rb1 Ra7 26. Rb8+ Bf8 27. Bh6
Nd7 28. Rd8 Rb7 29. Bxf8 Nxf8 30. Rxd6 Rb1+ 31. Kg2 Ra1 32. Rd5 Rxa3 33. Rxe5
Ne6 34. Bxe6 fxe6 35. Rxe6 Rxd3 36. Ra6 Ra3 37. h4 Kf7 38. Ra7+ Kg8 39. g4 h6
40. f3 g5 41. hxg5 hxg5 42. Rb7 a4 43. Rb5 Ra2+ 44. Kg3 a3 45. Rxg5+ Kf7 46.
Re5 Ra1 47. Kf4 1-0

[Event "10. Open Club Ajedrez Villaverde"]
[Site "Madrid ESP"]
[Date "2009.03.24"]
[Round "2.9"]
[White "Suarez Triguero, Jose Alfonso"]
[Black "Hernandez Del Can, Jose"]
[Result "1-0"]
[WhiteElo "2115"]
[BlackElo "1848"]
[PlyCount "89"]
[EventDate "2009.03.23"]
[EventType "swiss"]
[EventRounds "8"]
[EventCountry "ESP"]
[Source "lmi"]
[SourceDate "2009.03.23"]

1. e4 c5 2. c4 Nc6 3. Ne2 g6 4. d4 cxd4 5. Nxd4 Bg7 6. Be3 Nf6 7. Nc3 d6 8. Be2
O-O 9. O-O a6 10. Rc1 Nxd4 11. Bxd4 Bd7 12. Nd5 Nxd5 13. exd5 Bxd4 14. Qxd4 Qa5
15. a3 b5 16. b4 Qd8 17. c5 e5 18. dxe6 Bxe6 19. cxd6 Rc8 20. Rxc8 Qxc8 21. Qc5
Qb8 22. Qc7 Rc8 23. Qxb8 Rxb8 24. Rd1 Kf8 25. f4 Ke8 26. Kf2 Kd7 27. Ke3 Rb6
28. Bf3 f5 29. Bd5 Kxd6 30. Bf3+ Ke7 31. Kd4 Kd6 32. Rc1 Bc4 33. Re1 Kd7 34.
Kc5 Rd6 35. Rd1 Rxd1 36. Bxd1 Kc7 37. Bf3 h6 38. h4 Bf7 39. Bd5 Bxd5 40. Kxd5
Kd7 41. Ke5 Ke7 42. h5 Kf7 43. hxg6+ Kxg6 44. Ke6 h5 45. g3 1-0

[Event "10. Open Club Ajedrez Villaverde"]
[Site "Madrid ESP"]
[Date "2009.03.24"]
[Round "2.10"]
[White "Fernandez Cabello, Emilio"]
[Black "Alarcon Miranda, Jorge"]
[Result "1-0"]
[WhiteElo "1857"]
[BlackElo "2070"]
[PlyCount "53"]
[EventDate "2009.03.23"]
[EventType "swiss"]
[EventRounds "8"]
[EventCountry "ESP"]
[Source "lmi"]
[SourceDate "2009.03.23"]

1. e4 c5 2. Nc3 d6 3. f4 Nc6 4. Nf3 g6 5. Bc4 Bg7 6. O-O Nf6 7. e5 dxe5 8. fxe5
Ng4 9. e6 Bd4+ 10. Kh1 Nf2+ 11. Rxf2 Bxf2 12. Qf1 Bd4 13. Nxd4 Qxd4 14. Qxf7+
Kd8 15. d3 Ne5 16. Qf1 Nxc4 17. dxc4 Bxe6 18. Bh6 Bxc4 19. Qf3 Kc7 20. b3 Be2
21. Qg3+ Kc6 22. Re1 Bh5 23. Rxe7 Qd6 24. Qe3 Bg4 25. Qe4+ Kb6 26. Qxb7+ Ka5
27. Qb5# 1-0

[Event "10. Open Club Ajedrez Villaverde"]
[Site "Madrid ESP"]
[Date "2009.03.24"]
[Round "2.14"]
[White "Vazquez Moreno, Luis"]
[Black "Corral Aragon, Juan Maria"]
[Result "0-1"]
[WhiteElo "1707"]
[BlackElo "1821"]
[PlyCount "66"]
[EventDate "2009.03.23"]
[EventType "swiss"]
[EventRounds "8"]
[EventCountry "ESP"]
[Source "lmi"]
[SourceDate "2009.03.23"]

1. e4 c6 2. d4 d5 3. Nc3 dxe4 4. Nxe4 Bf5 5. Ng3 Bg6 6. Nf3 Nd7 7. Bf4 Qa5+ 8.
Qd2 Qxd2+ 9. Kxd2 O-O-O 10. b4 e5 11. Bxe5 Nxe5 12. Nxe5 Rxd4+ 13. Nd3 Bxb4+
14. Ke3 Bc3 15. Rd1 Nf6 16. f3 Re8+ 17. Kf2 Ra4 18. Ne2 Ba5 19. Ra1 Bb6+ 20.
Ke1 Bd4 21. Rb1 Rxa2 22. Kd2 Be3+ 23. Kc3 Nd5+ 24. Kb3 Ra6 25. Kc4 f6 26. Nc3
Nb6+ 27. Kb4 Bd2 28. Nc5 Nd5+ 29. Kc4 Ne3+ 30. Kb4 Rb6+ 31. Ka4 Bxc2+ 32. Ka3
Bxb1 33. N5a4 Nc2# 0-1